000 00621nam a22001817a 4500
999 _c186903
_d186903
005 20220322172004.0
010 _aENG-132080
020 _a9789391766047
_c795.00
035 _aEN-115612
037 _bDBAD/PUB
082 _a331.2522
100 _aSuresh, Devath
245 _aImpact of Aasara Pension on Differently Abled Tribal Persons/
_cDevath Suresh
260 _aNew Delhi
_bAtharv Publications
_c2021
270 _a110, 1st Floor, Gali No. 4, Harphool Vihar, Bapraula
_bNew Delhi
_e110043
_matharvpublications@gmail.com
300 _a218p
_bIndex
_c23cm(hbk)
942 _2ddc
_cEN
_mSUR
_h331.2522